Satellite Quiz - Statistics

General Stats
  • This quiz has been taken 21 times
  • The average score is 13 of 16
Answer Stats
Picture Hint Answer % Correct
Continent Africa
100%
Country Australia
100%
US state Hawaii
100%
Desert Sahara
100%
Country Iceland
93%
Country India
93%
Country (At night) USA
93%
US state Florida
86%
River delta Nile
86%
Region Scandinavia
86%
Body of water Black Sea
79%
Lake Caspian Sea
71%
Country Fiji
57%
City San Francisco
57%
Island Borneo
50%
City Sydney
43%
No matching quizzes found
Score Distribution
Percent of People with Each Score
Percentile by Number Answered
Your Score History
You have not taken this quiz